Baby Names: 'M' Boy Names by Decade Quiz Stats

 Plays Quiz Updated Dec 1, 2017

Score 0/130 Timer 08:00
3 Plays Today
Decade Name % Correct
1880sMichael
93.4%
1890sMichael
93.4%
1900sMichael
93.4%
1910sMichael
93.4%
1920sMichael
93.4%
1930sMichael
93.4%
1940sMichael
93.4%
1950sMichael
93.4%
1960sMichael
93.4%
1970sMichael
93.4%
1980sMichael
93.4%
1990sMichael
93.4%
2000sMichael
93.4%
1880sMatthew
89.2%
1890sMatthew
89.2%
1950sMatthew
89.2%
1960sMatthew
89.2%
1970sMatthew
89.2%
1980sMatthew
89.2%
1990sMatthew
89.2%
2000sMatthew
89.2%
1880sMark
88.7%
1940sMark
88.7%
1950sMark
88.7%
1960sMark
88.7%
1970sMark
88.7%
1980sMark
88.7%
1990sMark
88.7%
2000sMark
88.7%
1940sMike
78.9%
1950sMike
78.9%
1960sMike
78.9%
1880sMartin
65.8%
1890sMartin
65.8%
1900sMartin
65.8%
1910sMartin
65.8%
1920sMartin
65.8%
1930sMartin
65.8%
1940sMartin
65.8%
1950sMartin
65.8%
1960sMartin
65.8%
1970sMartin
65.8%
1990sMartin
65.8%
1950sMarc
65.4%
Decade Name % Correct
1960sMarc
65.4%
1970sMarc
65.4%
1980sMarc
65.4%
1950sMitchell
56.8%
1960sMitchell
56.8%
1980sMitchell
56.8%
1990sMitchell
56.8%
1970sMarcus
56.7%
1980sMarcus
56.7%
1990sMarcus
56.7%
2000sMarcus
56.7%
1890sMax
53.1%
1900sMax
53.1%
1910sMax
53.1%
1920sMax
53.1%
1930sMax
53.1%
2000sMax
53.1%
1890sMarvin
50.3%
1900sMarvin
50.3%
1910sMarvin
50.3%
1920sMarvin
50.3%
1930sMarvin
50.3%
1940sMarvin
50.3%
1950sMarvin
50.3%
1960sMarvin
50.3%
1880sMelvin
44.8%
1890sMelvin
44.8%
1900sMelvin
44.8%
1910sMelvin
44.8%
1920sMelvin
44.8%
1930sMelvin
44.8%
1940sMelvin
44.8%
1950sMelvin
44.8%
1990sMason
40.1%
2000sMason
40.1%
1880sMack
36.3%
1890sMack
36.3%
2000sMaxwell
36.1%
1880sMorris
35.5%
1890sMorris
35.5%
1900sMorris
35.5%
1910sMorris
35.5%
1920sMorris
35.5%
1930sMorris
35.5%
Decade Name % Correct
1880sMilton
33.6%
1900sMilton
33.6%
1910sMilton
33.6%
1920sMilton
33.6%
1930sMilton
33.6%
1940sMilton
33.6%
1880sMaurice
32.6%
1890sMaurice
32.6%
1900sMaurice
32.6%
1910sMaurice
32.6%
1920sMaurice
32.6%
1930sMaurice
32.6%
1940sMaurice
32.6%
1900sManuel
32.6%
1910sManuel
32.6%
1920sManuel
32.6%
1930sManuel
32.6%
1940sManuel
32.6%
1960sManuel
32.6%
1970sManuel
32.6%
1980sManuel
32.6%
1990sManuel
32.6%
2000sManuel
32.6%
1970sMiguel
30.4%
1980sMiguel
30.4%
1990sMiguel
30.4%
2000sMiguel
30.4%
1970sMario
27.1%
1980sMario
27.1%
1990sMario
27.1%
1940sMicheal
24.4%
1950sMicheal
24.4%
1960sMicheal
24.4%
1970sMicheal
24.4%
1980sMicheal
24.4%
2000sMicah
23%
1880sMarion
14.8%
1890sMarion
14.8%
1900sMarion
14.8%
1910sMarion
14.8%
1920sMarion
14.8%
1930sMarion
14.8%

You're not logged in!

Compare scores with friends on all Sporcle quizzes.
OR
Log In

Show Comments

Extras

Top Quizzes Today


Score Distribution

Your Account Isn't Verified!

In order to create a playlist on Sporcle, you need to verify the email address you used during registration. Go to your Sporcle Settings to finish the process.

Report this User

Report this user for behavior that violates our Community Guidelines.

Details: